00640nam a2200193 a 450000100100000000500170001000800410002702000180006804000250008610000240011124500280013526000580016330000210022149000330024283000400027504900090031595201050032499900170042900003395220230519124858.0110914s2006 ag 000 0 spa d a9789871228188 aDO-SdBNPbspaaBNPHU1 aFilloy, Juan95941210aCaterva /cJuan Filloy. aBuenos Aires, Argentina :bEl Cuento de Plata,c2006. a378 p. ;c22 cm.1 aBiblioteca popularaautorv1 0aBiblioteca popularpautorv1959413 aBNPD 001050718MOaGRbGRcCTd2011-09-14iLF1l0o p33952-10r2020-06-25w2020-06-25y1ZNo se presta c33443d33443